000
00240nam a22000977a 4500
008
230301b |||||||| |||| 00| 0 eng d
245
_a
Amar Ujala
260
_a
Jammu
_b
Amar Ujala Publications Ltd
_c
2023
300
_a
12
942
_2
ddc
_c
N
_s
1
999
_c
19926
_d
19926